000 00550cam a22001934a 4500
005 20250605164250.0
008 250528s ||||||||||||||||||||||||d
035 _a21708
040 _aGR-AtMCL
_bgre
_dGR-AtMCL
_eAACR2
245 1 _aΟΙΚΟΝΟΜΙΚΑ ΜΑΘΗΜΑΤΙΚΑ
250 _a1
260 _bInterbooks,
_c1987
300 _a218
700 1 _aΣφακιανος Γρηγοριος Κωνστ
_94340
700 1 _aΣφακιανος Κωνσταντινος Γρηγ
_92485
942 _cBK
999 _c6768
_d6768